| 000 | 01226nam a22001937a 4500 | ||
|---|---|---|---|
| 999 |
_c113866 _d113866 |
||
| 003 | OSt | ||
| 005 | 20200909225233.0 | ||
| 008 | 190725b2019 ||||| |||| 00| 0 eng | ||
| 020 | _a9789388206761 | ||
| 040 | _cnls | ||
| 082 | _a343.0558 KUM | ||
| 100 | _aKumar Milind | ||
| 245 |
_aGoods and services tax : _cLaw and practice |
||
| 260 |
_aLucknow _bEastern Book Co. _c2019 |
||
| 300 | _aHB | ||
| 505 | _aTable Of Contents: 1. Road to GST 2. Indirect Taxation — Pre-GST 3. Constitution (101st Amendment) Act, 2016 4. Goods and Services Tax Council (GST Council) 5. GST Around the World 6. Understanding GST 7. GST Rate Slabs and Compensation Cess Rates 8. Goods and Services Tax Network (GSTN) 9. Directorate General of Goods and Service Tax Intelligence (DGGSTI) 10. GST Suvidha Providers (GSPs)/GST Seva Kendra 11. Central Goods and Services Tax Act, 2017 12. E-way Rules 13. Integrated Goods and Services Tax Act, 2017 14. Union Territory Goods and Services Tax Act, 2017 15. Goods and Services Tax (Compensation to States) Act, 2017 Subject Index | ||
| 600 |
_aGoods - Service Tax - Practice & Procedure _a Service Tax Law - Practice |
||
| 942 |
_2ddc _cBK |
||